000 01114cam a2200313 a 4500
999 _c127821
_d127821
001 3963524
003 ARRUPE
005 20180328101024.0
008 941028s1995 nyuab b 001 0 eng d
010 _a 94073060
020 _a0070036977
035 _a(OCoLC)31751952
040 _aDFR
_cDFR
_dDLC
042 _alccopycat
050 0 0 _aHD75.5
_b.B37 1995
100 1 _aBarro, Robert J.
_941125
245 1 0 _aEconomic growth /
_cRobert J. Barro and Xavier Sala-i-Martin.
260 _aCambridge :
_bThe MIT Press
_cc1995.
300 _axviii, 539 p. :
_c24 cm.
440 0 _aMcGraw-Hill advanced series in economics
_941126
504 _aIncludes bibliographical references (p. 518-527) and index.
650 0 _aEconomic development
_xMathematical models.
_941127
700 2 _aSala-i-Martin, Xavier.
_941128
906 _a7
_bcbc
_ccopycat
_d3
_eopcn
_f19
_gy-gencatlg
942 _2lcc
_cMONOGRAPH